Emergence of Smart Industry – Industry 4.0

Evolúcia priemyselných revolúcií, štvrtá priemyselná revolúcia (Industry 4.0) a etapy industriálnej evolúcie. Vybrané technológie Industry 4.0.

Salvato in:
Dettagli Bibliografici
Autore principale: Richnák, Patrik, 1988-
Altri autori: Gubová, Klaudia, 1986-, Čaniga, Peter
Natura: Capitolo di libro
Lingua:slovacco
Soggetti:
Tags: Aggiungi Tag
Nessun Tag, puoi essere il primo ad aggiungerne!!

MARC

LEADER 00000naa$a2200000$$$4500
001 0270996
005 20240521101224.4
041 0 |a slo 
044 |a PL 
245 1 0 |a Emergence of Smart Industry – Industry 4.0  |c Patrik Richnák, Klaudia Gubová, Peter Čaniga 
520 |a Evolúcia priemyselných revolúcií, štvrtá priemyselná revolúcia (Industry 4.0) a etapy industriálnej evolúcie. Vybrané technológie Industry 4.0. 
610 2 0 |a revolúcia priemyselná 
610 2 0 |a priemysel 4.0 
610 2 0 |a digitalizácia 
610 2 0 |a technológie nové 
100 1 |a Richnák, Patrik, 1988- 
700 1 |a Gubová, Klaudia, 1986- 
700 1 |a Čaniga, Peter